Statistics for US Presidents With Longest Last Names

Click here to take the quiz!

General Stats

  • This quiz has been taken 60 times
  • The average score is 9 of 12

Answer Stats

LettersPresident% Correct
9Roosevelt
94%
10Washington
94%
10Eisenhower
92%
9Jefferson
88%
8Buchanan
72%
8Harrison
72%
9Cleveland
68%
8Coolidge
68%
8McKinley
66%
8Fillmore
64%
8Garfield
62%
8Van Buren
60%

Score Distribution

Percentile by Number Answered

Percent of People with Each Score

Your Score History

You have not taken this quiz